000 00567nam a2200169 a 4500
001 000023762
005 20240619113636.0
008 110113s1998 dr 001 0 spa d
040 _aDO-SdBNP
_bspa
_cBNPHU
100 1 _aGrimaldi Silié, Eleanor,
_d1948-
_985713
245 1 0 _aVariedades psicopedagogicas /
_cEleanor Grimaldi Silié.
260 _aSanto Domingo :
_bEditora de Colores,
_c1998.
300 _a124 p. ;
_c23 cm.
500 _aIncluye referencias bibliográficas de la autora en la contracubierta
504 _aBibliografía: p. 123-124
049 _aBNPD
999 _c23258
_d23258